Leadership in Organizations (Record no. 8511)

MARC details
000 -LEADER
fixed length control field 00281nam a22001097a 4500
020 ## - INTERNATIONAL STANDARD BOOK NUMBER
ISBN 9789389552454
100 ## - MAIN ENTRY--AUTHOR NAME
Personal name YUKL, Garg
245 ## - TITLE STATEMENT
Title Leadership in Organizations
250 ## - EDITION STATEMENT
Edition statement 9th
260 ## - PUBLICATION, DISTRIBUTION, ETC. (IMPRINT)
Place of publication New Delhi
Name of publisher Pearson Education India
700 ## - ADDED ENTRY--PERSONAL NAME
Personal name WILLIAM L. GRANDER, III, NISHANT, Uppal
Holdings
Collection code Home library Current library Date acquired Source of acquisition Currency Cost, normal purchase price Bill Number Full call number Accession Number Koha item type
MBA PIET C-LIBRARY PIET C-LIBRARY 20/02/2020 KIRTI PRAKASHAN NEW DELHI IN Rupees 699.00 IN6389 658.409 GAL 31706 Text Books
MBA PIET C-LIBRARY PIET C-LIBRARY 20/02/2020 KIRTI PRAKASHAN NEW DELHI IN Rupees 699.00 IN6389 658.409 GAL 31707 Text Books

Design & Developed by: PIET Central Library
R70 Miles Stone Pattikalyana Samalkha Panipat 132102
mail ID :- [email protected], Phone No:- 0180-2569700 Ex.216